000
00307nam a2200145 a 4500
005
20260702181355.0
020
_a
9786066092233
100
1
_a
Blaga, Lucian
245
1
0
_a
Poemele luminii
260
_a
Cluj-Napoca
_b
Dacia
_c
2014
300
_a
188 p.
041
0
_a
ron
650
0
_a
Poezie romaneasca
942
_c
BK
999
_c
13
_d
13